000 00302nam a22001337a 4500
008 170821b xxu||||| |||| 00| 0 eng d
020 _a9780669417463
041 _aeng
080 _24 ED
_a51
100 _a37
101 _aMAT
245 _aALGEBRA AND TRIGOMETRY
_cHOSTETLER.L
942 _2udc
_cBK
999 _c24256
_d24256